Gaming Quiz

Random Gaming or Pokémon Quiz

Unique Pokémon Type Combinations (Gen VI) Quiz Stats

Quiz not verified by Sporcle

Challenge
Share
Tweet
Embed
Score 0/62 Timer 10:00
0 Plays Today
Typing Pokémon % Correct
Steel/GhostHonedge Family
93%
Electric/SteelMagnemite Family
92.1%
Ghost/PoisonGastly Family
92.1%
Water/FairyMarill/Azumarill
92.1%
Grass/IceSnover Family
92.1%
Electric/GhostRotom
92.1%
Poison/FlyingZubat Family
90.5%
Dark/IceSneasel Family
90.5%
Fire/GroundNumel Family
90.5%
Poison/FightingCroagunk Family
90.5%
Ice/PsychicJynx Family
88.9%
Fire/RockMagcargo
88.9%
Water/GrassLotad Family
88.9%
Bug/GhostShedinja
88.9%
Water/SteelEmpoleon
88.9%
Normal/WaterBibarel
88.9%
Ghost/FlyingDrifloon Family
88.9%
Steel/DragonDialga
88.9%
Ghost/DragonGiratina
88.9%
Electric/FairyDedenne
88.9%
Poison/GroundNidoking/Nidoqueen
87.3%
Ice/GroundSwinub Family
87.3%
Steel/FlyingSkarmory
87.3%
Bug/WaterSurskit
87.3%
Ground/PsychicBaltoy Family
87.3%
Dragon/PsychicLati@s
87.3%
Ice/GhostFroslass
87.3%
Water/GhostFrillish Family
87.3%
Bug/ElectricJoltik Family
87.3%
Grass/SteelFerroseed Family
87.3%
Ghost/FireLitwick Family
87.3%
Typing Pokémon % Correct
Ground/GhostGolett Family
87.3%
Dark/DragonDeino Family
87.3%
Bug/FightingHeracross
85.7%
Dark/FireHoundour Family
85.7%
Rock/DarkTyranitar
85.7%
Rock/GrassLileep Family
85.7%
Grass/GroundTorterra
85.7%
Ground/ElectricStunfisk
85.7%
Bug/FireLarvesta Family
85.7%
FlyingTornadus
85.7%
Fire/NormalLitleo Family
85.7%
Fire/SteelHeatran
84.1%
Dragon/IceKyurem
84.1%
Fighting/FlyingHawlucha
84.1%
Ground/DarkSandile Family
82.5%
Dark/PsychicInkay Family
82.5%
Fairy/FlyingTogetic/Togekiss
81%
Electric/GrassRotom (Mow Forme)
81%
Normal/GrassDeerling Family
81%
Dark/SteelPawniard Family
81%
Electric/NormalHelioptile Family
81%
Rock/DragonTyrunt Family
81%
Electric/IceRotom (Frost Forme)
79.4%
Rock/IceAmaura Family
79.4%
Electric/FireRotom (Heat Forme)
76.2%
Poison/DragonDragalge
76.2%
Rock/FairyCarbink
76.2%
Grass/FairyWhimsicott
74.6%
Rock/FightingTerrakion
74.6%
Normal/GroundDiggersby
74.6%
Normal/FightingMeloetta (Pirouette Forme)
66.7%

You're not logged in!

Compare scores with friends on all Sporcle quizzes.
Sign Up with Email
OR
Log In

You Might Also Like...

Show Comments

Extras

Top Quizzes Today


Score Distribution

Your Account Isn't Verified!

In order to create a playlist on Sporcle, you need to verify the email address you used during registration. Go to your Sporcle Settings to finish the process.